Largest College Football Stadiums...by name (2024) - Statistics

General Stats
  • This quiz has been taken 55 times
  • The average score is 10 of 25
Answer Stats
Hint Answer % Correct
107,600 Michigan Stadium OR "The Big House" (Michigan)
98%
100,077 Bryant-Denny Stadium (Alabama)
74%
102,780 Ohio Stadium (Ohio State)
64%
102,321 Tiger Stadium OR "Death Valley" (LSU)
64%
102,733 Kyle Field (Texas A&M)
62%
81,500 Memorial Stadium OR "Death Valley" (Clemson)
62%
101,915 Neyland Stadium (Tennessee)
60%
106,572 Beaver Stadium (Penn State)
50%
88,548 Ben Hill Griffin Stadium OR "The Swamp" (Florida)
50%
92,542 The Rose Bowl (UCLA)
48%
93,022 Sanford Stadium (Georgia)
45%
90,000 Memorial Stadium OR "The Sea of Red" (Nebraska)
43%
100,119 Darrell K. Royal Memorial Stadium OR "DKR Stadium" (Texas)
36%
88,043 Jordan-Hare Stadium (Auburn)
33%
70,083 Husky Stadium (Washington)
26%
75,822 Camp Randall Stadium (Wisconsin)
24%
86,112 Gaylord Family - Oklahoma Memorial Stadium (Oklahoma)
24%
79,560 Doak S. Campbell Stadium (Florida State)
21%
70,585 Kinnick Stadium (Iowa)
21%
77,559 Williams-Brice Stadium (South Carolina)
19%
77,622 Notre Dame Stadium (Notre Dame)
17%
75,005 Spartan Stadium (Michigan State)
17%
77,500 Los Angeles Memorial Coliseum (USC)
14%
69,796 Lincoln Financial Field (Temple)
10%
76,212 Donald W. Reynolds Razorback Stadium (Arkansas)
2%
No matching quizzes found
Score Distribution
Percent of People with Each Score
Percentile by Number Answered
Your Score History
You have not taken this quiz